| 000 | 00579nam a2200217 a 4500 | ||
|---|---|---|---|
| 001 | BRL_990 | ||
| 005 | 20190320211001.0 | ||
| 008 | 301013s1962----mx-#######---#000-1#spa-# | ||
| 041 | _aspa | ||
| 044 | _amx | ||
| 050 | 4 |
_aPQ7297 _b.L48 72 1962 |
|
| 100 | 1 |
_aAlmanza, Héctor Raúl _925511 |
|
| 245 | 1 | 0 |
_aDetrás del espejo _cpor Héctor Raúl Almanza. |
| 260 |
_aMéxico _bFondo de Cultura Económica _c1962 |
||
| 300 |
_a247 p. _c18 cm. |
||
| 440 | 0 |
_aLetras mexicanas _v72 _925512 |
|
| 500 | _aAu1084 | ||
| 650 | 1 | 4 |
_anovela mexicana _925151 |
| 902 | _aGRL | ||
| 942 |
_2lcc _cB |
||
| 999 |
_c9802 _d9802 |
||